| 000 | 00789nam a2200121Ia 4500 | ||
|---|---|---|---|
| 008 | 220615s9999||||xx |||||||||||||| ||und|| | ||
| 245 | 4 | _aThe Teaching and Learning of Arabic in Early Modern Europe | |
| 546 | _aEnglish[eng] | ||
| 650 | _ascholarship||Arabic||Koran||Bible||poetry||orientalism||learning||Qur'an||Erpenius||Islam||mission||grammar||Golius||teaching||textbooks||Hebrew language||Latin||Quran | ||
| 700 | _aLoop, Jan||Hamilton , Alastair||Burnett, Charles | ||
| 856 | _uhttps://library.oapen.org/bitstream/20.500.12657/29649/1/9789004338623_webready_content_text.pdf||https://library.oapen.org/bitstream/20.500.12657/29649/1/9789004338623_webready_content_text.pdf||https://library.oapen.org/bitstream/20.500.12657/29649/1/9789004338623_webready_content_text.pdf | ||
| 942 | _cEB | ||
| 999 |
_c18421 _d18421 |
||